000 00389nam a2200145Ia 4500
008 191206s9999 xx 000 0 und d
020 _a0869253212 (pbk.)
090 _aPR9390.9.M3A6
245 0 _a"Mindblast, or, The definitive buddy"
260 _aCollege Press
260 _bModern writers of Zimbabwe
260 _cc1984
300 _a159 p. ; 21 cm.
999 _c16498
_d16498